[Event "Benidorm op-A"]
[Site "Benidorm"]
[Date "2022.12.11"]
[Round "9"]
[White "Priyanka, K."]
[Black "Kuipers, Eelco"]
[Result "1/2-1/2"]
[WhiteElo "2146"]
[BlackElo "2317"]
[PlyCount "78"]
[EventDate "2022.12.03"]
[EventType "swiss"]
[EventRounds "9"]
[EventCountry "ESP"]
[SourceTitle "CBM 211 Extra"]
[Source "ChessBase"]
[SourceDate "2023.01.31"]
[SourceVersion "1"]
[SourceVersionDate "2023.01.31"]
[SourceQuality "1"]

1. e4 d6 2. d4 Nf6 3. Nc3 e5 4. Nf3 Nbd7 5. Bc4 Be7 6. 0-0 0-0 7. Re1 c6 8. a4 Qc7 9. h3 b6 10. Ba2 a6 11. Nh4 exd4 12. Qxd4 Nc5 13. Be3 a5 14. Rad1 Bd7 15. Nf3 Be6 16. e5 dxe5 17. Qxe5 Qxe5 18. Nxe5 Rfc8 19. Bxc5 Bxc5 20. Bxe6 fxe6 21. Nd3 Kf7 22. Ne4 Nxe4 23. Rxe4 Bd6 24. Rd4 Ke7 25. Rh4 h6 26. Rg4 Kf6 27. h4 h5 28. Rd4 Ke7 29. Re1 Rf8 30. Rde4 Rf6 31. f4 Kd7 32. g3 Re8 33. Kg2 Rf5 34. c4 b5 35. cxb5 cxb5 36. Rd4 Ke7 37. Rde4 Kd7 38. Rd4 Ke7 39. Rde4 Kd7 1/2-1/2

[Event "Benidorm op-A"]
[Site "Benidorm"]
[Date "2022.12.07"]
[Round "5"]
[White "Kuipers, Eelco"]
[Black "Ram, Aravind LN"]
[Result "1/2-1/2"]
[WhiteElo "2317"]
[BlackElo "2272"]
[PlyCount "83"]
[EventDate "2022.12.03"]
[EventType "swiss"]
[EventRounds "9"]
[EventCountry "ESP"]
[SourceTitle "CBM 211 Extra"]
[Source "ChessBase"]
[SourceDate "2023.01.31"]
[SourceVersion "1"]
[SourceVersionDate "2023.01.31"]
[SourceQuality "1"]

1. e4 c5 2. Nf3 e6 3. d3 Nc6 4. g3 g6 5. Bg2 Bg7 6. 0-0 Nge7 7. Re1 0-0 8. Nbd2 d5 9. e5 Nf5 10. Nf1 Nfd4 11. Nxd4 Nxd4 12. h4 Nf5 13. Nh2 f6 14. Ng4 fxe5 15. Nxe5 Nd4 16. Bg5 Qb6 17. Rb1 Nc6 18. Bf4 Rf5 19. Nxc6 Qxc6 20. Bh3 Rxf4 21. gxf4 Bd7 22. h5 Rf8 23. hxg6 hxg6 24. Qg4 Rf6 25. Re2 Qd6 26. Rbe1 Kf7 27. Qh4 Qa6 28. a3 Qa4 29. Qg5 Qc6 30. Qe5 Bh6 31. Qb8 Kg7 32. Qd8 Bxf4 33. Qe7+ Rf7 34. Qh4 Rf6 35. Bg4 g5 36. Qh3 Rh6 37. Qf3 Qd6 38. Kg2 Rh2+ 39. Kg1 Rh4 40. Kg2 Rh2+ 41. Kg1 Rh6 42. Kg2 1/2-1/2

[Event "Benidorm op-A"]
[Site "Benidorm"]
[Date "2022.12.06"]
[Round "4"]
[White "Palomo Teruel, Xavier"]
[Black "Kuipers, Eelco"]
[Result "0-1"]
[WhiteElo "2038"]
[BlackElo "2317"]
[PlyCount "94"]
[EventDate "2022.12.03"]
[EventType "swiss"]
[EventRounds "9"]
[EventCountry "ESP"]
[SourceTitle "CBM 211 Extra"]
[Source "ChessBase"]
[SourceDate "2023.01.31"]
[SourceVersion "1"]
[SourceVersionDate "2023.01.31"]
[SourceQuality "1"]

1. c4 e5 2. Nc3 Nc6 3. g3 f5 4. Bg2 Nf6 5. d3 Bb4 6. Bd2 0-0 7. Nd5 Bxd2+ 8. Qxd2 Ne7 9. f4 Nexd5 10. cxd5 Qe7 11. fxe5 Qxe5 12. Qc3 Qd6 13. Rc1 c6 14. Qc5 Qxc5 15. Rxc5 d6 16. Rc1 c5 17. Nh3 Bd7 18. Nf4 Rfe8 19. h4 g6 20. Bf3 a5 21. Kf2 Kg7 22. d4 b6 23. Ne6+ Bxe6 24. dxe6 Rab8 25. d5 b5 26. Rc2 Rec8 27. Ra1 Rc7 28. a4 c4 29. Ke3 b4 30. Rac1 c3 31. bxc3 b3 32. Rb2 Rc4 33. Kd3 Rxa4 34. Rcb1 Ra3 35. c4 a4 36. Kd4 Rc8 37. Kc3 Rb8 38. Rd1 Kf8 39. c5 Ke7 40. c6 Ne8 41. Rd4 Ra1 42. e4 Nc7 43. Rd1 Rxd1 44. Bxd1 fxe4 45. Kd4 Rb4+ 46. Ke3 Nxd5+ 47. Kd2 Kxe6 0-1

[Event "Ghent Taminco op 31st"]
[Site "Ghent"]
[Date "2008.07.22"]
[Round "7"]
[White "Kuipers, Eelco"]
[Black "Vermaat, Marcel"]
[Result "1/2-1/2"]
[WhiteElo "2292"]
[BlackElo "2120"]
[PlyCount "83"]
[EventDate "2008.07.19"]
[EventType "swiss"]
[EventRounds "9"]
[EventCountry "BEL"]
[SourceTitle "CBM 125 Extra"]
[Source "ChessBase"]
[SourceDate "2008.09.01"]
[SourceVersion "1"]
[SourceVersionDate "2008.09.01"]
[SourceQuality "1"]

1. e4 c5 2. Nf3 Nc6 3. Bb5 g6 4. 0-0 Bg7 5. Bxc6 bxc6 6. Re1 Nf6 7. d3 0-0 8. h3 d6 9. Nc3 e5 10. Be3 Rb8 11. Rb1 h6 12. b3 Nh5 13. Nd2 Qh4 14. Nc4 f5 15. Nxd6 f4 16. Bxc5 Bxh3 17. f3 Be6 18. Ne2 Ng3 19. Qd2 g5 20. Nxg3 fxg3 21. Qe3 g4 22. Kf1 gxf3 23. gxf3 Bh3+ 24. Ke2 Rxf3 25. Qxf3 Bg4 26. Nf5 Qh2+ 27. Ke3 Bxf3 28. Kxf3 Qxc2 29. Be3 Qxa2 30. Rg1 Rb7 31. Rbc1 Qxb3 32. Rxg3 Kh8 33. Rcg1 Bf8 34. Rh1 Qxd3 35. Nxh6 Bg7 36. Nf5+ Kg8 37. Rhg1 Rf7 38. Rxg7+ Rxg7 39. Rxg7+ Kf8 40. Rxa7 c5 41. Kg4 Qxe4+ 42. Kg5 1/2-1/2

[Event "Ghent Taminco op 31st"]
[Site "Ghent"]
[Date "2008.07.22"]
[Round "8"]
[White "Roos, Adrian"]
[Black "Kuipers, Eelco"]
[Result "1/2-1/2"]
[WhiteElo "2076"]
[BlackElo "2292"]
[PlyCount "80"]
[EventDate "2008.07.19"]
[EventType "swiss"]
[EventRounds "9"]
[EventCountry "BEL"]
[SourceTitle "CBM 125 Extra"]
[Source "ChessBase"]
[SourceDate "2008.09.01"]
[SourceVersion "1"]
[SourceVersionDate "2008.09.01"]
[SourceQuality "1"]

1. e4 c5 2. Nf3 Nc6 3. d4 cxd4 4. Nxd4 g6 5. Nc3 Bg7 6. Be3 Nf6 7. Bc4 0-0 8. Bb3 a5 9. 0-0 a4 10. Nxa4 Nxe4 11. Nb5 Ra6 12. c4 d6 13. Qe2 Nf6 14. Rfd1 Bg4 15. f3 Be6 16. Bf2 Qc8 17. Nb6 Qb8 18. Rac1 Nd7 19. Nxd7 Bxd7 20. c5 Na5 21. cxd6 Nxb3 22. axb3 exd6 23. Bd4 Re8 24. Qf1 Bxb5 25. Qxb5 Ra2 26. Bxg7 Kxg7 27. Rc2 Qa7+ 28. Kf1 Ra1 29. Rcd2 Rxd1+ 30. Rxd1 Qe3 31. Qd3 Qxd3+ 32. Rxd3 Re6 33. Rd5 Kf8 34. Rb5 Re7 35. Rb6 Rd7 36. Ke2 Ke7 37. h4 Kd8 38. Kd3 Kc7 39. Rb4 Re7 40. Rf4 f5 1/2-1/2

[Event "Ghent Taminco op 31st"]
[Site "Ghent"]
[Date "2008.07.20"]
[Round "3"]
[White "Kuipers, Eelco"]
[Black "Van de Wynkele, Eric"]
[Result "1-0"]
[WhiteElo "2292"]
[BlackElo "2071"]
[PlyCount "76"]
[EventDate "2008.07.19"]
[EventType "swiss"]
[EventRounds "9"]
[EventCountry "BEL"]
[SourceTitle "CBM 125 Extra"]
[Source "ChessBase"]
[SourceDate "2008.09.01"]
[SourceVersion "1"]
[SourceVersionDate "2008.09.01"]
[SourceQuality "1"]

1. e4 Nf6 2. Qe2 c5 3. g3 Nc6 4. Nf3 d6 5. d3 g6 6. Bg2 Bg7 7. 0-0 Bg4 8. c3 Qd7 9. Re1 h5 10. h4 Rb8 11. Nbd2 0-0 12. Nf1 d5 13. e5 Nh7 14. Bf4 Rbd8 15. Qd2 d4 16. c4 Bf5 17. a3 a5 18. Rad1 Rfe8 19. N1h2 Ra8 20. Qe2 Ra6 21. Nd2 Nf8 22. Be4 a4 23. f3 Na5 24. g4 Rb6 25. Rb1 Be6 26. Kh1 Nc6 27. gxh5 gxh5 28. Rg1 Bf5 29. Rg5 Bg6 30. Bxg6 fxg6 31. Rbg1 Nh7 32. R5g2 Rxb2 33. Nhf1 Qh3+ 34. Bh2 Qxh4 35. f4 Nd8 36. Qe4 Nf7 37. Nf3 Rxg2 38. Nxh4 Rxg1+ 1-0

[Event "Dieren op"]
[Site "Dieren"]
[Date "2004.07.30"]
[Round "4"]
[White "Kuipers, Eelco"]
[Black "Pedersen, Nicolai Vesterbaek"]
[Result "0-1"]
[WhiteElo "2263"]
[BlackElo "2471"]
[PlyCount "130"]
[EventDate "2004.07.27"]
[EventType "swiss"]
[EventRounds "9"]
[EventCountry "NED"]
[SourceTitle "CBM 101 Extra"]
[Source "ChessBase"]
[SourceDate "2004.09.01"]
[SourceVersion "2"]
[SourceVersionDate "2004.09.01"]
[SourceQuality "1"]

1. e4 e5 2. Bc4 Nf6 3. Nc3 Nxe4 4. Qh5 Nd6 5. Bb3 Be7 6. Nf3 Nc6 7. Nxe5 g6 8. Nxc6 dxc6 9. Qe5 0-0 10. 0-0 Bf6 11. Qf4 Re8 12. d3 Be5 13. Qg5 Bf6 14. Qf4 a5 15. a4 Be5 16. Qg5 Bf6 17. Qf4 h5 18. Ne4 Nxe4 19. dxe4 Qd6 20. Qxd6 cxd6 21. f3 Bd4+ 22. Kh1 Kg7 23. Rd1 Be5 24. c3 f5 25. Bg5 Be6 26. Bxe6 Rxe6 27. exf5 gxf5 28. Kg1 Rae8 29. Bh4 Bf4 30. Re1 Kf7 31. Rxe6 Rxe6 32. Kf2 Bxh2 33. Bd8 Bf4 34. Bxa5 Be3+ 35. Kf1 Ke7 36. c4 Bd4 37. Rb1 Re3 38. b3 Bc3 39. Bxc3 Rxc3 40. Rb2 Kf6 41. Ke2 Ke5 42. Kd2 Kd4 43. Rb1 b6 44. Rh1 Rxb3 45. Rh4+ Kc5 46. Rxh5 Kxc4 47. Rxf5 Rb2+ 48. Ke3 Rxg2 49. Rf4+ Kc5 50. Rf8 Ra2 51. Ra8 Ra3+ 52. Ke2 d5 53. f4 d4 54. f5 Re3+ 55. Kd2 Rf3 56. Rf8 Kc4 57. Ke2 Re3+ 58. Kd2 Rd3+ 59. Ke2 Re3+ 60. Kd2 Rd3+ 61. Ke2 Rh3 62. f6 d3+ 63. Kd2 Rh2+ 64. Ke3 Re2+ 65. Kf3 Re1 0-1

[Event "Tilburg Eksakt op"]
[Site "Tilburg"]
[Date "2003.08.24"]
[Round "6"]
[White "Nijboer, Friso"]
[Black "Kuipers, Eelco"]
[Result "1-0"]
[WhiteElo "2588"]
[BlackElo "2273"]
[PlyCount "63"]
[EventDate "2003.08.22"]
[EventType "swiss"]
[EventRounds "6"]
[EventCountry "NED"]
[SourceTitle "CBM 095 Extra"]
[Source "ChessBase"]
[SourceDate "2003.09.04"]
[SourceVersion "1"]
[SourceVersionDate "2003.09.04"]
[SourceQuality "1"]

1. e4 c5 2. Nf3 e6 3. Nc3 Nc6 4. d4 cxd4 5. Nxd4 Qc7 6. Be2 a6 7. 0-0 Nf6 8. Kh1 d6 9. f4 Be7 10. Be3 0-0 11. Qe1 Bd7 12. Rd1 Rac8 13. Qg3 Nxd4 14. Bxd4 Bc6 15. Rfe1 b5 16. a3 g6 17. Bf3 Nd7 18. f5 e5 19. Be3 a5 20. Bh6 Rfe8 21. Bg4 Bf8 22. Bxf8 Rxf8 23. Qh4 b4 24. axb4 axb4 25. Nd5 Bxd5 26. Rxd5 Qd8 27. Qxd8 Rcxd8 28. Rxd6 Nc5 29. Rc6 Na4 30. h4 b3 31. cxb3 Nxb2 32. h5 1-0

[Event "NED-chT 0001"]
[Site "Netherlands"]
[Date "2001.03.24"]
[Round "7.10"]
[White "Van der Vliet, Fredrik"]
[Black "Kuipers, Eelco"]
[Result "0-1"]
[WhiteElo "2334"]
[BlackElo "2263"]
[PlyCount "94"]
[EventDate "2000.11.18"]
[EventType "team-tourn"]
[EventRounds "9"]
[EventCountry "NED"]
[SourceTitle "EXT 2002"]
[Source "ChessBase"]
[SourceDate "2001.11.25"]
[SourceVersion "1"]
[SourceVersionDate "2001.11.25"]
[SourceQuality "1"]
[WhiteTeam "Rotterdam SO"]
[BlackTeam "Leiden LSG"]
[WhiteTeamCountry "NED"]
[BlackTeamCountry "NED"]

1. d4 Nf6 2. c4 e6 3. Nf3 d5 4. Nc3 c6 5. e3 Be7 6. Bd3 Nbd7 7. e4 dxe4 8. Nxe4 Nxe4 9. Bxe4 Nf6 10. Bc2 0-0 11. 0-0 c5 12. dxc5 Qxd1 13. Rxd1 Bxc5 14. Ne5 h6 15. Rb1 a5 16. Bd2 b6 17. Bc3 Bb7 18. Bd4 Rac8 19. Rbc1 Ba6 20. a4 Bb7 21. b3 Rfd8 22. Bxc5 bxc5 23. f3 Kf8 24. Kf2 Ke7 25. Ke2 Nd7 26. Nd3 Nb8 27. Ke1 f6 28. Rd2 g5 29. Rcd1 Ba8 30. Kf2 h5 31. Ne1 Rxd2+ 32. Rxd2 Nc6 33. Nd3 Nd4 34. Bd1 e5 35. Nc1 f5 36. Na2 g4 37. Nc3 Kf6 38. Nb5 Rg8 39. f4 h4 40. fxe5+ Kxe5 41. Nxd4 cxd4 42. c5 Be4 43. Be2 g3+ 44. hxg3 hxg3+ 45. Kg1 Rc8 46. Bc4 Rxc5 47. Kf1 Rc8 0-1

[Event "BL2-West 0001"]
[Site "Germany"]
[Date "2001.02.18"]
[Round "6.8"]
[White "Silber, Henning"]
[Black "Kuipers, Eelco"]
[Result "1/2-1/2"]
[WhiteElo "2218"]
[BlackElo "2271"]
[PlyCount "194"]
[EventDate "2000.10.15"]
[EventType "team-tourn"]
[EventRounds "9"]
[EventCountry "GER"]
[SourceTitle "CBM 082 Extra"]
[Source "ChessBase"]
[SourceDate "2001.07.03"]
[SourceVersion "1"]
[SourceVersionDate "2001.07.03"]
[SourceQuality "1"]
[WhiteTeam "Bann"]
[BlackTeam "Koeln Porz II"]
[WhiteTeamCountry "GER"]
[BlackTeamCountry "GER"]

1. e4 c5 2. c3 g6 3. d4 cxd4 4. cxd4 d5 5. exd5 Bg7 6. Nc3 Nf6 7. Bb5+ Bd7 8. Bc4 0-0 9. Nge2 Bg4 10. f3 Bc8 11. Bf4 Nbd7 12. d6 Nb6 13. dxe7 Qxe7 14. Bb3 Nh5 15. Qd2 Nxf4 16. Qxf4 Bf5 17. Rd1 Rfe8 18. 0-0 Rad8 19. Ng3 Be6 20. Rfe1 Qb4 21. Bxe6 fxe6 22. Nge4 Qxb2 23. Kh1 Qb4 24. Ng5 Qxc3 25. Qf7+ Kh8 26. Nxe6 Rxe6 27. Rxe6 Rf8 28. Re8 Qb4 29. Rxf8+ Bxf8 30. Qxb7 Nc4 31. Rb1 Qxb7 32. Rxb7 a5 33. Ra7 Kg8 34. g3 Bb4 35. f4 Nd6 36. d5 Nf7 37. Kg2 Kg7 38. Kf3 Kf6 39. g4 h6 40. h4 Nd6 41. Ra6 Ke7 42. Ra7+ Kf6 43. Rc7 a4 44. a3 Bxa3 45. Ra7 Nb5 46. Rxa4 Bd6 47. Ra6 Ke7 48. Rb6 Nc3 49. Rb7+ Ke8 50. Rb3 Na4 51. Re3+ Kf7 52. Re6 Be7 53. h5 gxh5 54. Rxh6 hxg4+ 55. Kxg4 Nc5 56. Kf5 Nd7 57. Rc6 Ke8 58. d6 Bd8 59. Ke6 Nf8+ 60. Kd5 Ng6 61. Rc4 Kf7 62. Kc6 Ke6 63. Re4+ Kf5 64. Re8 Bf6 65. d7 Nxf4 66. Kd6 Ng6 67. d8Q Bxd8 68. Rxd8 Nf4 69. Re8 Ng6 70. Re2 Nf4 71. Re5+ Kf6 72. Ra5 Ng6 73. Kd5 Ne7+ 74. Ke4 Ke6 75. Ra6+ Kd7 76. Kd4 Nf5+ 77. Kc5 Ne7 78. Rh6 Nf5 79. Rf6 Ne7 80. Kd4 Ng8 81. Ra6 Ne7 82. Rf6 Ng8 83. Rf7+ Ke6 84. Ra7 Nf6 85. Ra8 Ng4 86. Ra5 Nf6 87. Re5+ Kd6 88. Ra5 Ke6 89. Rg5 Nd7 90. Rg6+ Nf6 91. Rh6 Kf5 92. Rh1 Ke6 93. Re1+ Kf5 94. Kc5 Nh5 95. Rh1 Nf4 96. Rd1 Ne6+ 97. Kd5 Nf4+ 1/2-1/2

[Event "Porto San Giorgio op 12th"]
[Site "Porto San Giorgio"]
[Date "2000.08.21"]
[Round "2"]
[White "Grigore, George Gabriel"]
[Black "Kuipers, Eelco"]
[Result "1/2-1/2"]
[WhiteElo "2508"]
[BlackElo "2271"]
[PlyCount "120"]
[EventDate "2000.08.20"]
[EventType "swiss"]
[EventRounds "9"]
[EventCountry "ITA"]
[SourceTitle "EXT 2001"]
[Source "ChessBase"]
[SourceDate "2000.11.22"]
[SourceVersion "1"]
[SourceVersionDate "2000.11.22"]
[SourceQuality "1"]

1. d4 Nf6 2. c4 e6 3. Nc3 d5 4. cxd5 exd5 5. Bg5 Be7 6. e3 c6 7. Qc2 Nbd7 8. Bd3 0-0 9. Nf3 Re8 10. 0-0 h6 11. Bf4 Bf8 12. h3 b6 13. Bh2 Bb7 14. Rad1 Qe7 15. Rfe1 Ne4 16. Ne5 Nxc3 17. bxc3 Nxe5 18. dxe5 c5 19. f4 c4 20. Be2 f6 21. Bg4 fxe5 22. fxe5 Bc8 23. Bf3 Be6 24. Rxd5 Rad8 25. Rd4 Rc8 26. Bh5 Red8 27. Qg6 Bf7 28. Qf5 Bxh5 29. Qxh5 Qe6 30. Red1 Be7 31. Bg3 Rf8 32. Rd7 Rf7 33. Kh2 Rcf8 34. Rxa7 Rf5 35. Qe2 h5 36. Rdd7 R8f7 37. Qc2 h4 38. Bf4 Rxe5 39. Ra8+ Rf8 40. Rxf8+ Bxf8 41. Bxe5 Qxd7 42. Qg6 b5 43. Qg4 Qxg4 44. hxg4 b4 45. cxb4 Bxb4 46. g3 h3 47. a4 c3 48. Kxh3 c2 49. Bb2 Bd2 50. g5 Bxe3 51. a5 c1Q 52. Bxc1 Bxc1 53. Kg4 g6 54. Kf3 Ba3 55. Ke4 Bc5 56. Kd5 Be3 57. a6 Kf7 58. Kd6 Bd4 59. Kd7 Bf2 60. g4 Bg1 1/2-1/2

[Event "Ghent 23rd"]
[Site "Ghent"]
[Date "2000.07.19"]
[Round "9"]
[White "Werbeck, Torsten"]
[Black "Kuipers, Eelco"]
[Result "1-0"]
[WhiteElo "2256"]
[BlackElo "2239"]
[PlyCount "53"]
[EventDate "2000.07.15"]
[EventType "swiss"]
[EventRounds "9"]
[EventCountry "BEL"]
[SourceTitle "EXT 2006"]
[Source "ChessBase"]
[SourceDate "2005.11.24"]
[SourceVersion "1"]
[SourceVersionDate "2005.11.24"]
[SourceQuality "1"]

1. d4 Nf6 2. Nf3 e6 3. c4 d5 4. Nc3 c6 5. Bg5 Be7 6. e3 Nbd7 7. Bd3 dxc4 8. Bxc4 b5 9. Bb3 Bb7 10. 0-0 a6 11. Rc1 c5 12. dxc5 Nxc5 13. Nd4 Bd6 14. Qe2 Nxb3 15. Nxb3 Qb6 16. Rfd1 h6 17. Bh4 Be7 18. e4 g5 19. Bg3 b4 20. e5 Nd5 21. Ne4 a5 22. Nbc5 Bc6 23. Nd6+ Bxd6 24. exd6 0-0-0 25. d7+ Rxd7 26. Nxd7 Kxd7 27. Qe5 1-0

[Event "Haarlem AKN op 06th"]
[Site "Haarlem"]
[Date "1997.??.??"]
[Round "1"]
[White "De Mie, Mariska"]
[Black "Kuipers, Eelco"]
[Result "0-1"]
[WhiteElo "2150"]
[BlackElo "2195"]
[PlyCount "50"]
[EventDate "1997.06.26"]
[EventType "swiss"]
[EventRounds "6"]
[EventCountry "NED"]
[SourceTitle "EXT 1999"]
[Source "ChessBase"]
[SourceDate "1998.11.16"]
[SourceVersion "1"]
[SourceVersionDate "1998.11.16"]
[SourceQuality "1"]

1. e4 c5 2. Nf3 Nc6 3. d4 cxd4 4. Nxd4 e6 5. Nc3 Qc7 6. Be2 a6 7. Be3 Nf6 8. 0-0 Bb4 9. Nxc6 bxc6 10. Na4 0-0 11. Nb6 Rb8 12. Nxc8 Rfxc8 13. Bxa6 Re8 14. Bd3 d5 15. exd5 cxd5 16. h3 Bd6 17. Qc1 e5 18. c3 e4 19. Bc2 Qe7 20. Bd4 Nh5 21. Qd1 g6 22. b4 Bc7 23. g3 Qe6 24. Qg4 f5 25. Qh4 Bd8 0-1

[Event "NED-chT f 3/4"]
[Site "Breda"]
[Date "1997.??.??"]
[Round "2"]
[White "Hendriks, Willy"]
[Black "Kuipers, Eelco"]
[Result "1/2-1/2"]
[WhiteElo "2400"]
[BlackElo "2195"]
[PlyCount "73"]
[EventDate "1997.05.31"]
[EventType "team"]
[EventRounds "1"]
[EventCountry "NED"]
[SourceTitle "CBM 058 Extra"]
[Source "ChessBase"]
[SourceDate "1997.07.29"]
[SourceVersion "1"]
[SourceVersionDate "1997.07.29"]
[SourceQuality "1"]
[WhiteTeam "SMB"]
[BlackTeam "Leiden LSG"]
[WhiteTeamCountry "NED"]
[BlackTeamCountry "NED"]

1. e4 c5 2. Nf3 e6 3. d4 cxd4 4. Nxd4 Nc6 5. Nc3 Qc7 6. Be3 a6 7. Bd3 Nf6 8. Qe2 b5 9. 0-0 Bb7 10. f4 Be7 11. e5 Nxd4 12. Bxd4 Nd5 13. Ne4 f5 14. exf6 Nxf6 15. Nxf6+ Bxf6 16. Qh5+ Ke7 17. Be5 Qb6+ 18. Kh1 Raf8 19. Rae1 Kd8 20. Qh3 Bxe5 21. Rxe5 Qd4 22. c3 Qd6 23. Qe3 h6 24. Be2 g5 25. fxg5 Rxf1+ 26. Bxf1 hxg5 27. Qxg5+ Kc8 28. Qe3 Bd5 29. b3 Rf8 30. Kg1 Qc7 31. Rg5 Bc6 32. Bd3 Qd6 33. Qc5 Qf4 34. h3 Qc1+ 35. Kh2 Qf4+ 36. Kg1 Qc1+ 37. Kh2 1/2-1/2